000 01340naa a2200337 c 4500
001 30598
003 ES-MaCES
005 19981124162000.0
008 980708n1996 sp ||| | spa d
035 _aCES19980045492v
040 _aES-MaCES
_bspa
_cES-MaCES
100 1 _aOnrubia Fernández, Jorge
_919971
245 1 3 _aLa necesaria reforma de la gestión económico-financiera del gasto público
_cJorge Onrubia Fernández
500 _aResumen
500 _aUna versión de este trabajo fue presentada como ponencia en el Seminario 'Reformas pendientes de la economía española', Marbella, 15 de julio de 1997
504 _aBibliografía: p. 38
650 4 _aconferencia
_927013
650 4 _apaís de la OCDE
_929055
650 4 _aEspaña
_926964
650 4 _agasto público
_928076
650 4 _areforma económica
_929791
650 4 _areforma administrativa
_927223
650 4 _aorganización institucional
_927196
650 4 _asector público
_927150
653 1 0 _aAdministración-Instituciones públicas
711 2 _aSeminario "Reformas pendientes de la economía española"
_d1997
_cMarbella
_9387
773 0 _tPresupuesto y gasto público
_g[Madrid]. - N. 20 (1996) ; p. 29-38
_w(ES-MaCES)25206
902 _aART Artículo de revista
942 _2CES
_cAR
_h6.3.
999 _c30598
_d30598